000 01850cam a2200409Ia 4500
001 ocn234436142
003 OCoLC
005 20180626143915.0
006 innnn f n
007 sd fungnn|m|eu
008 080721s2008 sp ab 000 1 spa d
020 _a9788497130639 (pbk.)
020 _a8497130634 (pbk.)
035 _a(OCoLC)234436142
040 _aBTCTA
_cBTCTA
_dBAKER
_dLNQ
_dORX
041 _aspa
049 _aORXA
050 4 _aPQ6407
_b.A7 2008
082 0 4 _a863/.3
_222
092 _fSPANISH
_a468.6 ORTIZGONZ 2008
100 1 _aOrtiz Gonzalez, Victoria.
245 1 0 _aLazarillo de Tormes /
_cAnonimo ; [adaptacion, Victoria Ortiz Gonzalez].
260 _aMadrid :
_bSantillana :
_bUniversidad de Salamanca,
_cc2008.
300 _a87 p. :
_bcol. ill., col. map ;
_c21 cm. +
_e1 sound disc (digital ; 4 3/4 in.)
490 1 _aColeccion Leer en espanol ;
_vnivel 3.
500 _aAdaptation using less than 1000 words of Lazarillo de Tormes.
500 _a"Espanol."
520 _aA wily scoundrel named Lazaro shares life's difficult lessons with the reader as he serves under different masters in sixteenth-century Castile.
520 _aLazaro es un muchacho desarrapado a quien la miseria obliga a emplearse como sirviente. Las inocentes y a veces justificadas burlas con las que Lazaro se defiende de sus amos son castigadas con una crueldad brutal. Asi, garrotazo a garrotazo, la simpleza y credulidad del Lazaro de las primeras paginas ceden paso a la sagacidad y a la astucia propias del mas clasico y tipico de los picaros.
630 0 0 _aLazarillo de Tormes.
630 0 7 _aLazarillo de Tormes.
_2bidex.
650 7 _aLengua espanola
_vLecturas.
650 0 _aSpanish language
_vReaders.
690 _aSpanish language edition
_vNonfiction.
830 0 _aColeccion Leer en espanol ;
_v3.
942 _cBK
999 _c21038
_d21038